[Event "2BLO 2122 SG 1871 Löberitz - MSA Zugzw"]
[Site "?"]
[Date "2022.04.30"]
[Round "3.6"]
[White "Boehm, Christian"]
[Black "Gerigk, Erasmus"]
[Result "1-0"]
[WhiteElo "2063"]
[BlackElo "2328"]
[PlyCount "71"]
[EventDate "2022.??.??"]

1. Nf3 d5 2. g3 Nc6 3. d4 Bf5 4. Bg2 Nb4 5. O-O Bxc2 6. Qd2 e6 7. Nc3 Bg6 8.
Ne5 Nf6 9. a3 Na6 10. e4 c6 11. Qe2 Nc7 12. Nxg6 hxg6 13. Bg5 Be7 14. exd5 cxd5
15. Rfe1 O-O 16. Rac1 Rc8 17. Na4 Nd7 18. Bf4 Re8 19. h4 Nb8 20. Nc5 Bxc5 21.
Rxc5 Nc6 22. Qd3 Na6 23. Rc3 Ne7 24. Qb5 Qb6 25. Qd3 Rxc3 26. bxc3 Qa5 27. Rb1
b6 28. Bf1 Nb8 29. Bd6 Nf5 30. Be5 Qxa3 31. Qb5 Rc8 32. c4 dxc4 33. Bxc4 Qc3
34. Bxb8 Nxd4 35. Qd7 Qxc4 36. Bxa7 {ZÜ} 1-0

[Event "2BLO 2122 SG 1871 Löberitz - MSA Zugzw"]
[Site "?"]
[Date "2022.04.30"]
[Round "3.7"]
[White "Lammers, Markus"]
[Black "Proehl, Holger"]
[Result "1/2-1/2"]
[WhiteElo "2292"]
[BlackElo "2332"]
[PlyCount "107"]
[EventDate "2022.??.??"]

1. Nf3 Nf6 2. c4 c5 3. Nc3 Nc6 4. d4 cxd4 5. Nxd4 g6 6. Nc2 Bg7 7. e4 O-O 8.
Be2 d6 9. O-O b6 10. Bg5 Bb7 11. Qd2 Rc8 12. f3 Re8 13. Rac1 Nd7 14. Kh1 Nc5
15. b3 Qd7 16. Nd5 f5 17. exf5 Qxf5 18. Bh6 Qf8 19. Bxg7 Qxg7 20. f4 Ne4 21.
Qd3 Nf6 22. Nce3 Nd8 23. Rce1 Nxd5 24. Nxd5 Bxd5 25. Qxd5+ Qf7 26. Qd1 Rc5 27.
Bg4 Qf6 28. Re4 Rc7 29. Rfe1 Kh8 30. Qd2 Rf8 31. g3 Qg7 32. Qe3 Rf7 33. Bh3 Qb2
34. Re2 Qa1+ 35. Kg2 Qf6 36. Bg4 e5 37. Rf2 Nc6 38. fxe5 Qxf2+ 39. Qxf2 Rxf2+
40. Kxf2 dxe5 41. Re2 Rf7+ 42. Ke3 Rf1 43. Ke4 Rd1 44. Bc8 Rd4+ 45. Ke3 Kg7 46.
Rf2 Rd1 47. Be6 Re1+ 48. Kd2 Ra1 49. Kc3 a5 50. Kb2 Re1 51. Kc3 Rc1+ 52. Kb2
Re1 53. Kc3 Rc1+ 54. Kb2 1/2-1/2

[Event "2BLO 2122 SG 1871 Löberitz - MSA Zugzw"]
[Site "?"]
[Date "2022.04.30"]
[Round "3.8"]
[White "Schaefer, Reyk"]
[Black "Brychcy, Felix"]
[Result "0-1"]
[WhiteElo "2113"]
[BlackElo "2063"]
[PlyCount "88"]
[EventDate "2022.??.??"]

1. d4 Nf6 2. c4 g6 3. Nc3 Bg7 4. Nf3 O-O 5. g3 d6 6. Bg2 c5 7. dxc5 dxc5 8. Ne5
Qb6 9. O-O Be6 10. Qb3 Bc8 11. Be3 Nfd7 12. Nd3 Na6 13. Nd5 Qd8 14. Rfd1 e6 15.
Nc3 Qe7 16. Ne4 Rb8 17. Bg5 f6 18. Be3 b6 19. Nf4 Bb7 20. Qa4 Ne5 21. Bh3 Bxe4
22. Qxa6 f5 23. Rd2 g5 24. Nh5 Bh8 25. f4 Qf7 26. fxe5 Qxh5 27. Bg2 Bxg2 28.
Kxg2 Bxe5 29. Qxa7 f4 30. Bf2 Rf7 31. Rd7 f3+ 32. Kg1 fxe2 33. Rxf7 Qxf7 34.
Qxf7+ Kxf7 35. Re1 Bxb2 36. Rxe2 Bf6 37. g4 Bd4 38. Kg2 Ra8 39. Bg3 Ra7 40. Kf3
Ra3+ 41. Kg2 Rc3 42. Bc7 Rxc4 43. Bxb6 e5 44. a3 Ke6 0-1

[Event "2BLO 2122 Nickelhütte Aue - FC Bayern "]
[Site "?"]
[Date "2022.04.30"]
[Round "3.1"]
[White "Belezky, Alexander"]
[Black "Prohaszka, Peter"]
[Result "1/2-1/2"]
[WhiteElo "2355"]
[BlackElo "2570"]
[PlyCount "67"]
[EventDate "2022.??.??"]

1. Nf3 d5 2. g3 Bg4 3. Bg2 c6 4. b3 Nf6 5. Bb2 e6 6. O-O Be7 7. d3 a5 8. a3 O-O
9. Nbd2 Nbd7 10. h3 Bh5 11. g4 Bg6 12. Nh4 Ne8 13. Nxg6 hxg6 14. c4 Bf6 15. Qc2
Bxb2 16. Qxb2 Nd6 17. b4 Qf6 18. Qxf6 gxf6 19. b5 cxb5 20. cxd5 Nc5 21. dxe6
fxe6 22. Rfc1 Rac8 23. Rc2 Na4 24. Rac1 Rxc2 25. Rxc2 b4 26. axb4 axb4 27. Nb3
Nc3 28. Bf3 Ra8 29. Rb2 Kf7 30. Kg2 Nd1 31. Rb1 Nc3 32. Rb2 Nd1 33. Rb1 Nc3 34.
Rb2 1/2-1/2

[Event "2BLO 2122 Nickelhütte Aue - FC Bayern "]
[Site "?"]
[Date "2022.04.30"]
[Round "3.2"]
[White "Antal, Gergely"]
[Black "Zajogin, Alexander"]
[Result "1-0"]
[WhiteElo "2561"]
[BlackElo "2394"]
[PlyCount "79"]
[EventDate "2022.??.??"]

1. e4 e5 2. Nc3 Nf6 3. g3 d5 4. exd5 Nxd5 5. Bg2 Nxc3 6. bxc3 Bc5 7. Nf3 Nc6 8.
O-O O-O 9. Re1 Qf6 10. Rb1 Bg4 11. h3 Bh5 12. d3 Bb6 13. g4 Bg6 14. Bg5 Qd6 15.
Nh4 Qc5 16. Qd2 Ba5 17. Rb3 Nd4 18. cxd4 Bxd2 19. dxc5 Bxe1 20. Nxg6 fxg6 21.
Be3 Ba5 22. Rxb7 a6 23. Bd5+ Kh8 24. Rb3 Rad8 25. Bb7 Rd4 26. Bxd4 exd4 27.
Bxa6 Be1 28. f3 Re8 29. Bb7 Kg8 30. Be4 Bh4 31. Rb7 Re7 32. a4 c6 33. Rb4 Re5
34. a5 Rxc5 35. Ra4 Rxc2 36. a6 Rc1+ 37. Kg2 Rc2+ 38. Kf1 Rf2+ 39. Kg1 Re2 40.
Ra1 1-0

[Event "2BLO 2122 Nickelhütte Aue - FC Bayern "]
[Site "?"]
[Date "2022.04.30"]
[Round "3.3"]
[White "Singer, Christoph"]
[Black "Slobodjan, Roman"]
[Result "1/2-1/2"]
[WhiteElo "2344"]
[BlackElo "2446"]
[PlyCount "29"]
[EventDate "2022.??.??"]

1. d4 d5 2. c4 e6 3. Nc3 Be7 4. cxd5 exd5 5. Bf4 Nf6 6. e3 c6 7. Bd3 Nbd7 8. h3
Nf8 9. Nf3 Ne6 10. Bh2 g6 11. O-O Ng7 12. Rb1 Bf5 13. b4 a6 14. Na4 O-O 15. Nc5
1/2-1/2

[Event "2BLO 2122 Nickelhütte Aue - FC Bayern "]
[Site "?"]
[Date "2022.04.30"]
[Round "3.4"]
[White "Londyn, Radek"]
[Black "Unzicker, Ferdinand"]
[Result "1-0"]
[WhiteElo "2384"]
[BlackElo "2329"]
[PlyCount "73"]
[EventDate "2022.??.??"]

1. d4 Nf6 2. Nf3 e6 3. Bf4 c5 4. e3 Be7 5. Nbd2 O-O 6. Bd3 b6 7. h4 cxd4 8.
exd4 Ba6 9. Bxa6 Nxa6 10. c3 Qc8 11. h5 Qb7 12. h6 g6 13. Bg5 Nc7 14. Qe2 b5
15. Rh4 Ncd5 16. Kf1 a6 17. Re1 Rac8 18. Kg1 Rfe8 19. Nh2 d6 20. Qf3 Qc6 21.
Rh3 Qd7 22. Qg3 Red8 23. Qh4 Ne8 24. Bxe7 Qxe7 25. Qg3 Ndf6 26. Nhf3 Qb7 27. a3
a5 28. Ng5 Qd5 29. Qe3 Rc7 30. Rf3 Qa2 31. Re2 Re7 32. Nde4 Nd5 33. Qd2 Nb6 34.
Nxh7 Kxh7 35. Ng5+ Kh8 36. Rxf7 Rdd7 37. Rf8# 1-0

[Event "2BLO 2122 Nickelhütte Aue - FC Bayern "]
[Site "?"]
[Date "2022.04.30"]
[Round "3.5"]
[White "Hoeglauer, Patrick"]
[Black "Eichner, Sebastian"]
[Result "1-0"]
[WhiteElo "2268"]
[BlackElo "2353"]
[PlyCount "107"]
[EventDate "2022.??.??"]

1. e4 e6 2. d4 d5 3. Nc3 Nf6 4. Bg5 dxe4 5. Nxe4 Nbd7 6. Nf3 h6 7. Bxf6 Nxf6 8.
Bd3 c5 9. O-O cxd4 10. Nxf6+ gxf6 11. Nxd4 Bg7 12. Re1 O-O 13. c3 f5 14. Ne2 b6
15. Nf4 Bb7 16. Qe2 Qg5 17. g3 Rad8 18. Rad1 Ba8 19. h4 Qf6 20. Nh5 Qg6 21. Nf4
Qf6 22. Qe3 e5 23. Ng2 Qc6 24. Bf1 Rfe8 25. f4 Rxd1 26. Rxd1 Bf8 27. Kh2 Bc5
28. Qd2 Qf3 29. Qe2 Qxe2 30. Bxe2 Bxg2 31. Kxg2 exf4 32. Bb5 Re4 33. Bd3 Ra4
34. a3 fxg3 35. b4 Bf2 36. Ra1 a6 37. Bc2 b5 38. Bxa4 bxa4 39. Rd1 f4 40. Rd6
Be3 41. Rxa6 Kg7 42. h5 Bc1 43. b5 Bxa3 44. Rxa4 Bd6 45. b6 Kf6 46. b7 Kg5 47.
Kf3 Kxh5 48. Rd4 Bc7 49. Rd7 Bb8 50. Rd8 Bc7 51. b8=Q Bxb8 52. Rxb8 Kg5 53.
Rg8+ Kh4 54. Kxf4 1-0

[Event "2BLO 2122 Nickelhütte Aue - FC Bayern "]
[Site "?"]
[Date "2022.04.30"]
[Round "3.6"]
[White "Spiess, Gunter"]
[Black "Schenk, Andreas"]
[Result "1/2-1/2"]
[WhiteElo "2388"]
[BlackElo "2418"]
[PlyCount "36"]
[EventDate "2022.??.??"]

1. d4 Nf6 2. c4 e6 3. Nf3 b6 4. g3 Bb7 5. Bg2 Be7 6. Nc3 O-O 7. Qc2 c5 8. d5
exd5 9. Nh4 Nc6 10. cxd5 Nd4 11. Qd1 Ne8 12. Nf3 Nxf3+ 13. Bxf3 f5 14. O-O Nd6
15. Bf4 g5 16. Bc1 Bf6 17. Re1 Qe7 18. a4 Qg7 1/2-1/2

[Event "2BLO 2122 Nickelhütte Aue - FC Bayern "]
[Site "?"]
[Date "2022.04.30"]
[Round "3.7"]
[White "Rodewis, Thomas"]
[Black "Wichmann, Cliff"]
[Result "0-1"]
[WhiteElo "2384"]
[BlackElo "2303"]
[PlyCount "72"]
[EventDate "2022.??.??"]

1. d4 d5 2. c4 e6 3. Nc3 c5 4. cxd5 exd5 5. Nf3 Nc6 6. a3 Nf6 7. dxc5 Bxc5 8.
e3 O-O 9. b4 Bb6 10. Na4 Bc7 11. Bb2 Re8 12. Be2 Qd6 13. Rc1 Ne4 14. Nc3 Qg6
15. g3 Bh3 16. Nh4 Qh6 17. Nxe4 dxe4 18. Bg4 Rad8 19. Qe2 Bxg4 20. Qxg4 Be5 21.
Ba1 Bxa1 22. Rxa1 Ne5 23. Qe2 g5 24. Nf5 Qh3 25. Nd4 Rxd4 26. exd4 Nf3+ 27. Kd1
Nxd4 28. Qe3 Qg4+ 29. Kc1 Qc8+ 30. Kd1 Nf3 31. Rc1 Rd8+ 32. Ke2 Qe6 33. Qc5
Rd2+ 34. Ke3 Qb3+ 35. Rc3 Rd3+ 36. Rxd3 Qxd3# 0-1

[Event "2BLO 2122 Nickelhütte Aue - FC Bayern "]
[Site "?"]
[Date "2022.04.30"]
[Round "3.8"]
[White "Bulockin, Martin"]
[Black "Lentrodt, Thomas"]
[Result "1/2-1/2"]
[WhiteElo "2289"]
[BlackElo "2253"]
[PlyCount "106"]
[EventDate "2022.??.??"]

1. d4 d5 2. Bf4 e6 3. e3 Bd6 4. Bg3 Nf6 5. Nd2 c5 6. c3 Qb6 7. Qb3 Bxg3 8. hxg3
Nbd7 9. Ngf3 Qd6 10. Bb5 O-O 11. Rd1 Rd8 12. Qa3 b6 13. c4 Bb7 14. Nb3 Qf8 15.
Rh4 dxc4 16. Bxc4 Rdc8 17. Ba6 Bxa6 18. Qxa6 c4 19. Nbd2 Qb4 20. Rb1 c3 21.
bxc3 Qxc3 22. Qb5 Rc7 23. e4 Nf8 24. Ke2 Ng6 25. Rhh1 Rac8 26. Rb3 Qc2 27. Rb2
Qc3 28. Qb3 h6 29. Qxc3 Rxc3 30. Ra1 Rc2 31. Rxc2 Rxc2 32. Kd3 Rc7 33. a4 Ng4
34. Rf1 Nf6 35. Nb3 Ne7 36. Ne5 Nc6 37. Nxc6 Rxc6 38. Rc1 Rxc1 39. Nxc1 Kf8 40.
f3 Ke7 41. Kc4 a6 42. Nd3 Ne8 43. Kb4 Kd6 44. a5 Kc7 45. Ne5 Nd6 46. g4 bxa5+
47. Kxa5 f5 48. exf5 exf5 49. Kxa6 fxg4 50. fxg4 Ne4 51. Nc4 Kc6 52. Ne3 Nf6
53. Ka5 Nxg4 1/2-1/2

[Event "2BLO 2122 Erfurter SK - SV Deggendorf"]
[Site "?"]
[Date "2022.05.01"]
[Round "4.1"]
[White "Sedlak, Nikola"]
[Black "Romanov, Evgeny"]
[Result "1/2-1/2"]
[WhiteElo "2476"]
[BlackElo "2573"]
[PlyCount "52"]
[EventDate "2022.??.??"]

1. Nf3 Nf6 2. g3 b6 3. Bg2 Bb7 4. O-O g6 5. b4 e6 6. a3 Bg7 7. Bb2 O-O 8. c4 c5
9. Qb3 Nc6 10. d3 Qc7 11. Nbd2 Rad8 12. Rac1 d6 13. e3 Ne5 14. d4 Nxf3+ 15.
Nxf3 Be4 16. d5 exd5 17. Bxf6 Bxf6 18. cxd5 Qe7 19. Nd2 Bxg2 20. Kxg2 Bg7 21.
b5 f5 22. h4 h6 23. Qd3 Rde8 24. a4 Rf7 25. Nc4 Qd7 26. Rc2 Bf8 {(=)} 1/2-1/2

[Event "2BLO 2122 Erfurter SK - SV Deggendorf"]
[Site "?"]
[Date "2022.05.01"]
[Round "4.2"]
[White "Mihok, Oliver"]
[Black "Delchev, Aleksander"]
[Result "1/2-1/2"]
[WhiteElo "2539"]
[BlackElo "2492"]
[PlyCount "71"]
[EventDate "2022.??.??"]

1. e4 e5 2. Nf3 Nc6 3. Bb5 a6 4. Ba4 Nf6 5. O-O Nxe4 6. d4 b5 7. Bb3 d5 8. dxe5
Be6 9. Be3 Bc5 10. Bxc5 Nxc5 11. Nd4 Nxd4 12. Qxd4 Nb7 13. c3 c5 14. Qf4 O-O
15. Nd2 Na5 16. Bc2 Nc4 17. Nxc4 bxc4 18. b3 cxb3 19. axb3 a5 20. Rfd1 Qc7 21.
Qh4 h6 22. Qg3 Rfd8 23. f4 Qc8 24. Qf2 Bf5 25. Bxf5 Qxf5 26. Qxc5 Qxf4 27. Rxd5
Rxd5 28. Qxd5 Qe3+ 29. Kh1 Re8 30. Rf1 Rxe5 31. Qxf7+ Kh7 32. Qf3 Qxf3 33. gxf3
Re3 34. Kg2 Rxc3 35. Ra1 Rxb3 36. Rxa5 1/2-1/2

[Event "2BLO 2122 Erfurter SK - SV Deggendorf"]
[Site "?"]
[Date "2022.05.01"]
[Round "4.3"]
[White "Stojanovic, Dalibor"]
[Black "Votava, Jan"]
[Result "1/2-1/2"]
[WhiteElo "2479"]
[BlackElo "2485"]
[PlyCount "61"]
[EventDate "2022.??.??"]

1. e4 e5 2. Bc4 Nf6 3. d3 Nc6 4. Nf3 Be7 5. O-O O-O 6. Re1 d6 7. c3 h6 8. Bb3
Nh7 9. Nbd2 Ng5 10. Nf1 Bg4 11. Bxg5 Bxg5 12. h3 Bd7 13. Ng3 g6 14. d4 Qe7 15.
Qd3 Rad8 16. Nf1 Kg7 17. Ne3 Bxe3 18. Qxe3 b6 19. Rad1 Na5 20. Bc2 c5 21. b3
Nc6 22. Rd2 Bc8 23. Bd3 Bb7 24. Bb5 a6 25. Bxc6 Bxc6 26. Red1 exd4 27. cxd4
Bxe4 28. dxc5 bxc5 29. Nh2 Rfe8 30. Ng4 h5 31. Qc3+ 1/2-1/2

[Event "2BLO 2122 Erfurter SK - SV Deggendorf"]
[Site "?"]
[Date "2022.05.01"]
[Round "4.4"]
[White "Haba, Petr"]
[Black "Bogosavljevic, Boban"]
[Result "1/2-1/2"]
[WhiteElo "2448"]
[BlackElo "2527"]
[PlyCount "138"]
[EventDate "2022.??.??"]

1. e4 c5 2. Nf3 Nc6 3. d4 cxd4 4. Nxd4 g6 5. c4 Nf6 6. Nc3 d6 7. Be2 Nxd4 8.
Qxd4 Bg7 9. Be3 O-O 10. Qd2 a5 11. Rc1 a4 12. f3 Be6 13. Rc2 Nd7 14. O-O Nc5
15. Nd5 f5 16. exf5 Rxf5 17. Bd4 Bxd5 18. cxd5 Qa5 19. Qe3 Bxd4 20. Qxd4 Raf8
21. f4 e5 22. dxe6 Nxe6 23. Qxd6 Nxf4 24. Bf3 Qa7+ 25. Kh1 Qe3 26. Rc3 Qe5 27.
Qxe5 Rxe5 28. Bxb7 Nd3 29. Rb1 Rb8 30. Rc8+ Rxc8 31. Bxc8 Nxb2 32. Ba6 Kg7 33.
h3 a3 34. Rc1 Re3 35. Kh2 h5 36. Bb5 Re5 37. Bf1 Re3 38. Kg1 Kf6 39. Kf2 Re5
40. Rc6+ Kg5 41. Be2 Rd5 42. h4+ Kf5 43. Ke3 Ra5 44. Kd2 Ra4 45. Rc5+ Kf4 46.
Rc3 Ke5 47. g3 Ke4 48. Kc2 Ra7 49. Kb3 Kd4 50. Rc6 Re7 51. Bb5 Re3+ 52. Kb4
Rxg3 53. Ra6 Kd5 54. Rxa3 Rg4+ 55. Kb3 Kc5 56. Be2 Rb4+ 57. Kc2 Na4 58. Bd3
Rxh4 59. Bxg6 Rc4+ 60. Kd2 h4 61. Bc2 Nb6 62. Rc3 Rxc3 63. Kxc3 Nd5+ 64. Kd2
Kd4 65. Bf5 Nc3 66. a3 Nb1+ 67. Ke2 Nxa3 68. Kf3 Nc4 69. Kf4 h3 1/2-1/2

[Event "2BLO 2122 Erfurter SK - SV Deggendorf"]
[Site "?"]
[Date "2022.05.01"]
[Round "4.5"]
[White "Popovic, Dusan"]
[Black "Enders, Peter"]
[Result "1/2-1/2"]
[WhiteElo "2483"]
[BlackElo "2437"]
[PlyCount "22"]
[EventDate "2022.??.??"]

1. e4 c5 2. Nc3 e6 3. Nf3 d6 4. g3 Nf6 5. Bg2 Be7 6. O-O O-O 7. d3 Nc6 8. Ng5
d5 9. Bd2 dxe4 10. Ngxe4 Nxe4 11. Nxe4 e5 1/2-1/2

[Event "2BLO 2122 Erfurter SK - SV Deggendorf"]
[Site "?"]
[Date "2022.05.01"]
[Round "4.6"]
[White "Scheftlein, Richard"]
[Black "Dudin, Gleb"]
[Result "1/2-1/2"]
[WhiteElo "2243"]
[BlackElo "2487"]
[PlyCount "56"]
[EventDate "2022.??.??"]

1. d4 d5 2. c4 c6 3. Nf3 Nf6 4. e3 Bf5 5. Nc3 e6 6. Bd3 Bxd3 7. Qxd3 Bb4 8. Bd2
O-O 9. O-O Qa5 10. Rfd1 Qa6 11. Ne5 Bd6 12. cxd5 cxd5 13. Qxa6 Nxa6 14. Nd3 Nb4
15. Nxb4 Bxb4 16. Rac1 Rfc8 17. Nb1 Bd6 18. Rxc8+ Rxc8 19. Rc1 Rc6 20. f3 h5
21. h3 Nd7 22. b3 f6 23. Kf2 Kf7 24. Ke2 Nb8 25. Kd3 Ra6 26. a3 Rc6 27. e4 Rxc1
28. Bxc1 Na6 {(=)} 1/2-1/2

[Event "2BLO 2122 Erfurter SK - SV Deggendorf"]
[Site "?"]
[Date "2022.05.01"]
[Round "4.7"]
[White "Krstic, Petar"]
[Black "Casper, Thomas"]
[Result "0-1"]
[WhiteElo "2296"]
[BlackElo "2346"]
[PlyCount "102"]
[EventDate "2022.??.??"]

1. d4 Nf6 2. Nf3 g6 3. Bg5 Bg7 4. Nbd2 d6 5. e4 O-O 6. Be2 Nbd7 7. O-O e5 8. c3
h6 9. Bh4 Qe8 10. Re1 Nh5 11. Bf1 Bf6 12. Bxf6 Nhxf6 13. Nc4 Qe7 14. Qc2 b6 15.
a4 a6 16. b4 Bb7 17. d5 Kg7 18. Rad1 Rfd8 19. g3 Nf8 20. Nh4 N8h7 21. Bg2 Bc8
22. a5 b5 23. Ne3 Ng4 24. Nf1 Bd7 25. f3 Ngf6 26. Ne3 Rdc8 27. Rd3 c5 28. dxc6
Rxc6 29. Qd2 Be6 30. f4 Ng4 31. Nef5+ gxf5 32. exf5 Qa7+ 33. Kf1 Bc4 34. Bxc6
Bxd3+ 35. Kg2 e4 36. f6+ Nhxf6 37. Nf5+ Kh7 38. Bxa8 Qxa8 39. Kg1 Qd5 40. Nd4
h5 41. f5 Ne5 42. Qf4 Qa2 43. h3 Qb2 44. Qc1 Qxc1 45. Rxc1 Nd5 46. Kf2 Kh6 47.
g4 h4 48. f6 e3+ 49. Kg2 Nf4+ 50. Kh2 Kg5 51. Re1 e2 0-1

[Event "2BLO 2122 Erfurter SK - SV Deggendorf"]
[Site "?"]
[Date "2022.05.01"]
[Round "4.8"]
[White "Ruether, Rudolf"]
[Black "Kuznecovs, Nikita"]
[Result "0-1"]
[WhiteElo "2053"]
[BlackElo "2279"]
[PlyCount "112"]
[EventDate "2022.??.??"]

1. d4 Nf6 2. c4 e6 3. Nc3 Bb4 4. e3 O-O 5. Nge2 Re8 6. a3 Bf8 7. Ng3 d6 8. Be2
e5 9. dxe5 dxe5 10. O-O c6 11. Qc2 Qc7 12. b3 a5 13. Bb2 Na6 14. Na4 Be6 15.
Rfd1 b5 16. Nc3 b4 17. Nce4 Nxe4 18. Qxe4 f6 19. a4 g6 20. Qc2 f5 21. Rd2 Rad8
22. Rad1 Rxd2 23. Rxd2 Nc5 24. Bd1 Bh6 25. Re2 Bg5 26. Ba1 h5 27. Nf1 Bf6 28.
f3 h4 29. Rd2 Kf7 30. Qb2 Bc8 31. Bc2 Re6 32. Qc1 Bg5 33. Qe1 Bd8 34. Qf2 Be7
35. g3 h3 36. g4 f4 37. e4 Nb7 38. Kh1 g5 39. Qe1 Bc5 40. Rd1 Re8 41. Nd2 Qb6
42. Qf1 Qd8 43. Qxh3 Rh8 44. Qg2 Qf6 45. Nf1 Nd8 46. Nd2 Ne6 47. Qf1 Nf8 48.
Qe2 Rh3 49. Nf1 Ng6 50. Bb2 Nh4 51. Rd3 Qh8 52. Bd1 Kg6 53. Qd2 Rg3 54. Rd6+
Kf7 55. Rd7+ Ke6 56. Rd6+ Bxd6 0-1

[Event "2BLO 2122 SK Passau - SC Bavaria Regens"]
[Site "?"]
[Date "2022.05.01"]
[Round "4.1"]
[White "Stocek, Jiri"]
[Black "Schwabeneder, Florian"]
[Result "1-0"]
[WhiteElo "2557"]
[BlackElo "2437"]
[PlyCount "111"]
[EventDate "2022.??.??"]

1. d4 Nf6 2. c4 g6 3. Nc3 Bg7 4. Nf3 O-O 5. Bg5 h6 6. Bh4 d6 7. Nd2 g5 8. Bg3
Nh5 9. e3 Nxg3 10. hxg3 e5 11. dxe5 dxe5 12. Qc2 c6 13. a3 Qe7 14. Rd1 Be6 15.
Nde4 Na6 16. b4 Rfd8 17. Rxd8+ Rxd8 18. c5 Nc7 19. Nd6 b6 20. Be2 bxc5 21. bxc5
Nd5 22. O-O Qc7 23. Nxd5 cxd5 24. Rc1 e4 25. Qd2 a6 26. Bxa6 Be5 27. Be2 Bxd6
28. cxd6 Qxd6 29. Qa5 Rb8 30. Qc3 Qb6 31. Ra1 Rc8 32. Qf6 Rc2 33. Bf1 Kh7 34.
a4 Qa5 35. Rb1 Qc7 36. Kh2 Rc1 37. Rxc1 Qxc1 38. Be2 Qc2 39. Bh5 Qc7 40. a5
Qxa5 41. Bxf7 Bxf7 42. Qxf7+ Kh8 43. Qf8+ Kh7 44. Qf7+ Kh8 45. Qg6 Qd8 46.
Qxh6+ Kg8 47. Qe6+ Kf8 48. Kh3 d4 49. Qf5+ Kg8 50. exd4 Qxd4 51. Qxg5+ Kf7 52.
Qf5+ Kg7 53. g4 Qc3+ 54. Kh4 Qe1 55. g5 Qh1+ 56. Kg3 1-0

[Event "2BLO 2122 SK Passau - SC Bavaria Regens"]
[Site "?"]
[Date "2022.05.01"]
[Round "4.2"]
[White "Leisch, Lukas"]
[Black "Kaczur, Florian"]
[Result "0-1"]
[WhiteElo "2412"]
[BlackElo "2475"]
[PlyCount "106"]
[EventDate "2022.??.??"]

1. d4 Nf6 2. c4 b6 3. Nc3 Bb7 4. Qc2 g6 5. e4 d6 6. Nf3 Bg7 7. Be2 O-O 8. O-O
c5 9. Rd1 cxd4 10. Nxd4 Nbd7 11. Be3 Rc8 12. f3 a6 13. Rac1 e6 14. Qd2 Re8 15.
Bg5 Qe7 16. Bf1 Ne5 17. Na4 Qc7 18. Nb3 Qc6 19. Qb4 Nxf3+ 20. gxf3 Nxe4 21. Bf4
e5 22. Be3 Nc5 23. Naxc5 dxc5 24. Qd2 Qxf3 25. Bg2 Qg4 26. h3 Qg3 27. Qf2 Qxf2+
28. Kxf2 e4 29. Rc2 Be5 30. Bh6 f5 31. Ke3 a5 32. h4 Kf7 33. Rd7+ Re7 34. Rxe7+
Kxe7 35. Nc1 Rd8 36. Bg5+ Bf6 37. Bf1 Ke6 38. Ne2 Rd3+ 39. Kf2 Bxg5 40. hxg5
Ke5 41. Rc3 Rd1 42. Rh3 f4 43. Rxh7 e3+ 44. Kg1 Bf3 45. Nc3 Re1 46. Rf7 Bg4 47.
Re7+ Kd6 48. Re4 f3 49. Kh2 Bf5 50. Nb5+ Kd7 51. Re5 e2 52. Rd5+ Ke7 53. Bxe2
Rxe2+ 0-1

[Event "2BLO 2122 SK Passau - SC Bavaria Regens"]
[Site "?"]
[Date "2022.05.01"]
[Round "4.3"]
[White "Schneider, Jana"]
[Black "Weiss, Christian"]
[Result "1-0"]
[WhiteElo "2263"]
[BlackElo "2376"]
[PlyCount "113"]
[EventDate "2022.??.??"]

1. e4 c5 2. Nf3 e6 3. d4 cxd4 4. Nxd4 a6 5. Bd3 g6 6. O-O Bg7 7. Nf3 Nc6 8. Qe2
Nge7 9. c3 Qc7 10. Re1 h6 11. Nbd2 g5 12. h3 Ng6 13. Nf1 Nce5 14. Ng3 Nxf3+ 15.
Qxf3 Be5 16. Nh5 Nf4 17. Bf1 Nxh5 18. Qxh5 d6 19. Be3 Bd7 20. a4 Ke7 21. a5
Rag8 22. Bb6 Qb8 23. Rad1 Rg6 24. c4 Bxb2 25. c5 Be5 26. Re3 Rc8 27. Red3 Kf8
28. cxd6 Rc2 29. Bc7 Qa7 30. R3d2 Qc5 31. Rxc2 Qxc2 32. Qe2 Qc6 33. Qc4 f5 34.
Qxc6 Bxc6 35. Bb8 Bf6 36. e5 Bd8 37. Bc4 Ke8 38. Bc7 Kd7 39. Bxd8 Kxd8 40. f3
Kd7 41. Bd3 Rg8 42. Kf2 h5 43. Bc2 Rc8 44. Bd3 Bd5 45. Ke3 Rc5 46. Ra1 Bc6 47.
f4 gxf4+ 48. Kxf4 Bxg2 49. Rg1 Bxh3 50. Rg7+ Kd8 51. Rg8+ Kd7 52. Rg7+ Kd8 53.
Rxb7 Rxa5 54. Rb6 Ra4+ 55. Kg5 f4 56. Rb8+ Kd7 57. Bg6 1-0

[Event "2BLO 2122 SK Passau - SC Bavaria Regens"]
[Site "?"]
[Date "2022.05.01"]
[Round "4.4"]
[White "Wisnet, Dominic"]
[Black "Pezelj, Novak"]
[Result "0-1"]
[WhiteElo "2336"]
[BlackElo "2464"]
[PlyCount "82"]
[EventDate "2022.??.??"]

1. Nf3 g6 2. c4 Bg7 3. d4 d6 4. Nc3 Nf6 5. g3 O-O 6. Bg2 Nc6 7. O-O a6 8. e4
Bg4 9. Be3 Qc8 10. Qc2 Nd7 11. d5 Bxf3 12. Bxf3 Nd4 13. Bxd4 Bxd4 14. Bg4 Qd8
15. Rad1 Bg7 16. f4 Nc5 17. Rfe1 a5 18. Re2 c6 19. h4 Qb6 20. Kg2 Qb4 21. Nb1
Ra6 22. e5 dxe5 23. fxe5 cxd5 24. Rxd5 e6 25. a3 Qb6 26. Rd6 Qc7 27. b4 axb4
28. axb4 Nd7 29. Nd2 Nxe5 30. Rxa6 bxa6 31. Bf3 Rb8 32. Qa4 Nxf3 33. Kxf3 Qb7+
34. Kg4 Bc3 35. b5 axb5 36. cxb5 h5+ 37. Kh3 Bxd2 38. Rxd2 Qh1+ 39. Rh2 Qf1+
40. Rg2 Rxb5 41. Qa8+ Kh7 0-1

[Event "2BLO 2122 SK Passau - SC Bavaria Regens"]
[Site "?"]
[Date "2022.05.01"]
[Round "4.5"]
[White "Goldbeck, Lars"]
[Black "Pflug, Matthias"]
[Result "1-0"]
[WhiteElo "2274"]
[BlackElo "2262"]
[PlyCount "75"]
[EventDate "2022.??.??"]

1. d4 Nf6 2. c4 g6 3. f3 Bg7 4. e4 d6 5. Ne2 O-O 6. Bg5 a6 7. Nbc3 b5 8. cxb5
axb5 9. Nxb5 c6 10. Nbc3 Qa5 11. Qd2 Nbd7 12. Nc1 e5 13. dxe5 Nxe5 14. Be2 Be6
15. O-O Rfb8 16. Be3 Nfd7 17. f4 Nc4 18. Bxc4 Bxc4 19. N1e2 Qb4 20. Rac1 Qxb2
21. Rc2 Qa3 22. Rfc1 d5 23. Bd4 Bf8 24. exd5 cxd5 25. h3 Nc5 26. Be5 Rd8 27.
Nd4 Nd3 28. Rb1 Bb5 29. Kh1 Nxe5 30. fxe5 Qa6 31. Ncxb5 Rab8 32. Rcb2 Rb6 33.
Qf4 Rdb8 34. Nd6 Bxd6 35. Rxb6 Rxb6 36. Rxb6 Qxb6 37. exd6 Qd8 38. Qe5 1-0

[Event "2BLO 2122 SK Passau - SC Bavaria Regens"]
[Site "?"]
[Date "2022.05.01"]
[Round "4.7"]
[White "Oberhofer, Cedric"]
[Black "Schmid, Franz"]
[Result "1-0"]
[WhiteElo "2286"]
[BlackElo "2101"]
[PlyCount "165"]
[EventDate "2022.??.??"]

1. d4 Nf6 2. c4 g6 3. Nf3 Bg7 4. g3 d5 5. cxd5 Nxd5 6. Bg2 Nb6 7. Nc3 Nc6 8. e3
O-O 9. O-O Re8 10. d5 Na5 11. Nd4 Bd7 12. e4 c6 13. Re1 cxd5 14. exd5 Nac4 15.
b3 Nd6 16. Bb2 Rc8 17. Qd3 Rc5 18. Rac1 Nf5 19. Nde2 Bc8 20. Ba3 Rc7 21. Nb5
Rxc1 22. Rxc1 a6 23. Nbc3 Nd7 24. Ne4 Ne5 25. Qc2 Qa5 26. Qc5 b5 27. Nf4 Bh6
28. Rd1 Rd8 29. Bb4 Qxa2 30. Qc7 Rf8 31. Nc3 Qxb3 32. Rb1 Qc4 33. Qxe5 Bg7 34.
Qe2 Qc7 35. d6 exd6 36. Ncd5 Qd8 37. Rc1 Re8 38. Ba5 Qd7 39. Nb6 Rxe2 40. Nxd7
Re8 41. Nb6 Be6 42. Nxe6 fxe6 43. Bb7 Ne7 44. Nc8 d5 45. Bxa6 Nxc8 46. Rxc8
Rxc8 47. Bxc8 Kf7 48. Bd7 e5 49. f3 Bf8 50. Bxb5 Ke6 51. Bd3 Be7 52. Bb6 Bd6
53. Kf2 Ke7 54. Ke3 Ke6 55. Ba6 Kd7 56. Bb7 Ke6 57. Kd3 Bb8 58. Bc5 Bc7 59. Bf2
Bb8 60. Kc3 Bd6 61. Kb3 Bc7 62. Kb4 Kd6 63. Kb5 Bb8 64. Bc5+ Ke6 65. Kb6 e4 66.
fxe4 dxe4 67. Bxe4 Be5 68. Bf2 Bb2 69. Kc5 Ke5 70. Bc2 Ba1 71. Kc4 Bb2 72. Kd3
Kf5 73. Bd1 Ke5 74. Bf3 Ba1 75. Ke2 Bb2 76. Bb7 Ba1 77. Kf3 Bb2 78. Ba6 Bc3 79.
Bc4 Bb2 80. h3 Bc3 81. Be3 Kf6 82. Bh6 g5 83. Bd3 1-0

[Event "2BLO 2122 SK Passau - SC Bavaria Regens"]
[Site "?"]
[Date "2022.05.01"]
[Round "4.8"]
[White "Linhart, Wolfgang"]
[Black "Kleibel, Uwe"]
[Result "1/2-1/2"]
[WhiteElo "2145"]
[BlackElo "2199"]
[PlyCount "63"]
[EventDate "2022.??.??"]

1. d4 d5 2. Nf3 Nf6 3. e3 c5 4. c3 Nbd7 5. Bd3 b6 6. Nbd2 Bb7 7. O-O e6 8. Ne5
Bd6 9. f4 O-O 10. Qf3 a5 11. Rf2 Qc7 12. g4 g6 13. h4 Ne4 14. Nxe4 dxe4 15.
Bxe4 Bxe4 16. Qxe4 f5 17. Qf3 Nf6 18. gxf5 gxf5 19. Bd2 Ne4 20. Rg2+ Kh8 21.
Kh2 Rg8 22. Rag1 Rxg2+ 23. Qxg2 Bxe5 24. fxe5 Qf7 25. Be1 c4 26. Rf1 Qg6 27.
Qxg6 hxg6 28. Kg2 a4 29. a3 Ra5 30. Kf3 Rb5 31. Rg1 Kg7 32. Rg2 1/2-1/2